Rationalität der Religion und Kritik der Kultur : Hermann Cohen und Ernst Cassirer, éd. H. Deuser et M. Moxter, coll. Religion in der Moderne 9, Würzburg, Echter, 2002, 24x16, 214 p., 19.90 €. ISBN 3-429-02500-1 (notice n° 1620774)
[ vue normale ]
| 000 -LEADER | |
|---|---|
| fixed length control field | 00624cam a2200133 4500500 |
| 005 - DATE AND TIME OF LATEST TRANSACTION | |
| control field | 20260111091251.0 |
| 041 ## - LANGUAGE CODE | |
| Language code of text/sound track or separate title | fre |
| 042 ## - AUTHENTICATION CODE | |
| Authentication code | dc |
| 245 00 - TITLE STATEMENT | |
| Title | Rationalität der Religion und Kritik der Kultur : Hermann Cohen und Ernst Cassirer, éd. H. Deuser et M. Moxter, coll. Religion in der Moderne 9, Würzburg, Echter, 2002, 24x16, 214 p., 19.90 €. ISBN 3-429-02500-1 |
| 260 ## - PUBLICATION, DISTRIBUTION, ETC. | |
| Date of publication, distribution, etc. | 2005.<br/> |
| 500 ## - GENERAL NOTE | |
| General note | 46 |
| 786 0# - DATA SOURCE ENTRY | |
| Note | Nouvelle revue théologique | 127 | 4 | 2005-12-15 | p. 666i-673i | 0029-4845 |
| 856 41 - ELECTRONIC LOCATION AND ACCESS | |
| Uniform Resource Identifier | <a href="https://shs.cairn.info/revue-nouvelle-revue-theologique-2005-4-page-666i?lang=fr&redirect-ssocas=7080">https://shs.cairn.info/revue-nouvelle-revue-theologique-2005-4-page-666i?lang=fr&redirect-ssocas=7080</a> |
Pas d'exemplaire disponible.




Réseaux sociaux